Archeozoologické nálezy z Bučian, Chľaby a Záhradného

Podrobná bibliografia
Hlavný autor: Ambros, Cyril, 1929- (Autor)
Médium: Článok
Jazyk:slovenčina
Predmet:

MARC

LEADER 00000nab a2200000 a 4500
001 vtls010714205
003 SK-MaSNL
005 20260304194431.0
008 250709s1980 xo |||||||||||||||||slo|
035 |a (urnnbn)urn:nbn:sk:snk:ar-a04cqf 
035 |a (uuid)27bda13e-a0a9-43c2-98fd-4305e7b2c60a 
035 |a urn:nbn:sk:snk-ab3gpy 
040 |a SNKBUCL  |b slo  |c SNKBUCL  |e AACR2 
041 0 |a slo 
044 |a xo  |c SK 
100 1 |a Ambros, Cyril,  |d 1929-  |4 aut  |9 42594 
245 1 0 |a Archeozoologické nálezy z Bučian, Chľaby a Záhradného  |c Cyril Ambros 
610 2 7 |a Slovenská akadémia vied.  |b Archeologický ústav  |2 SNKKA  |9 193574 
650 0 7 |a archeozoológia  |2 SNKPH  |9 82590 
650 0 7 |a archeologické nálezy  |2 SNKPH  |9 4975 
650 0 7 |a archeologické výskumy  |2 SNKPH  |9 74796 
651 7 |a Bučany (Slovensko)  |2 SNKPHgeo  |9 16123 
651 7 |a Chľaba (Slovensko)  |2 SNKPHgeo  |9 27543 
651 7 |a Záhradné (Slovensko)  |2 SNKPHgeo  |9 31736 
655 7 |a štúdie  |2 SNKPH  |9 57033 
773 0 |t Archeologické výskumy a nálezy na Slovensku v roku 1979  |g Roč. 5, č. 5 (1980), s. 21-27 
850 |a Slovenská národná knižnica 
852 |a Slovenská národná knižnica 
954 |a odborná, vedecká literatúra pôvodná (slovenská)  |2 lita 
958 |a article1 
958 |a OND 
958 |a EUIPO 
999 |c 3074113  |d 3076043